[Event "Regionalliga SW 0001"]
[Site "Bayern"]
[Date "2001.01.28"]
[Round "5.7"]
[White "Epple, Johannes"]
[Black "Mauss, Ernst"]
[Result "1-0"]
[WhiteElo "1770"]
[BlackElo "1775"]
[PlyCount "57"]
[EventDate "2000.10.15"]
[EventType "team-tourn"]
[EventRounds "9"]
[EventCountry "GER"]
[SourceTitle "EXT 2020"]
[Source "ChessBase"]
[SourceDate "2019.10.17"]
[SourceVersion "1"]
[SourceVersionDate "2019.10.17"]
[SourceQuality "1"]
[WhiteTeam "Tuerkheim/Bad Woerishofen"]
[BlackTeam "Augsburg SG 1873"]
[WhiteTeamCountry "GER"]
[BlackTeamCountry "GER"]

1. d4 g6 2. c4 Bg7 3. Nf3 d6 4. e4 Nc6 5. Be2 e5 6. d5 Nce7 7. Nc3 f5 8. Bd2 h6 9. Qc2 Nf6 10. Nh4 0-0 11. exf5 gxf5 12. Qd3 Qe8 13. Qg3 Kh7 14. h3 Nh5 15. Qf3 Nf6 16. 0-0-0 a6 17. Rdg1 Bd7 18. g4 f4 19. Bd3+ Kh8 20. g5 hxg5 21. Rxg5 Bh6 22. Ng6+ Nxg6 23. Rxg6 Bg7 24. Rhg1 Rf7 25. Ne4 Nxe4 26. Qh5+ Kg8 27. Bxe4 Kf8 28. Rxg7 Rxg7 29. Qh8+ 1-0